000 01051cam a2200301 i 4500
001 113883
005 20230410124049.0
008 131125s1987 maua 000 0 eng
020 _a0316103055
041 0 _aeng
049 _aGRAL
050 1 4 _aLC 4705
_bR432 1987
082 0 0 _a371.9
245 1 0 _aResearch in learning disabilities :
_bissues and future directions /
_c[edited by] Sharon Vaughn, Candace S. Bos.
260 _aBoston :
_bCollege-Hill Press,
_c1987
300 _axii, 276 p. :
_bill. ;
_c23 cm.
504 _aIncluye tabla de contenido
650 0 _aLearning disabilities
_xResearch
_zUnited States
_xCongresses.
650 0 _aLearning Disorders
_vCongresses.
650 4 _aDificultades del aprendizaje
_vCongresos, conferencias, etc.
650 4 _aDificultades en el aprendizaje.
650 4 _aTrastornos del aprendizaje.
700 1 _aVaughn, Sharon,
_d1952-
700 1 _aBos, Candace S.,
_d1950-
710 2 _aCouncil for Exceptional Children.
_bDivision of Learning Disabilities.
942 _2lcc
_cbk
946 _aYSL
999 _c70238
_d70238